Libros de Historia para niños : parámetros y dificultades para elaborarlos (Record no. 72020)

MARC details
000 -CABECERA
campo de control de longitud fija 00456nam a2200157 a 4500
005 - FECHA Y HORA DE LA ÚLTIMA TRANSACCIÓN
campo de control 20210223123944.0
008 - ELEMENTOS DE LONGITUD FIJA--INFORMACIÓN GENERAL
campo de control de longitud fija 991125n 000 0 spa u
035 ## - NÚMERO DE CONTROL DEL SISTEMA
Número de control de sistema UPN01000085691
100 1# - ASIENTO PRINCIPAL--NOMBRE PERSONAL
Nombre de persona Lerner Sigal, Victoria
9 (RLIN) 41427
222 ## - TÍTULO CLAVE
Título clave PERFILES EDUCATIVOS
245 ## - MENCIÓN DE TÍTULO
Título Libros de Historia para niños : parámetros y dificultades para elaborarlos
300 ## - DESCRIPCIÓN FÍSICA
Extensión 49-55
362 ## - FECHAS DE PUBLICACIÓN Y/O DESIGNACIÓN SECUENCIAL
Fecha de publicación y/o designación secuencial 1993 No. 62, oct.-dic.
904 ## - ELEMENTOS DE DATOS D LOCAL, LDD (RLIN)
a AC
b 023502
905 ## - TIPO DE MATERIAL
Tipo de material Articulo

No items available.